Criminal Law: Non-fatal OAPs cases - Statistics

General Stats
  • This quiz has been taken 13 times
  • The average score is 3 of 11
Answer Stats
Hint Answer % Correct
Consent. Brown [1994]
78%
Common assault: Refused to move car off of police officer's foot. Fagan v MPC [1969]
78%
Omission causes mental harm. Ireland [1998]
33%
Reckless is not main intent. Savage [1998]
33%
Bodily harm. Dica [2005]
22%
Indirect battery. Haystead [2000]
22%
Capacity to consent. MB [1997]
22%
Wounding. Moray v brooks (1834), Waltham (1849)
22%
Recklessness to force harm s.20. Mowatt [1968]
22%
Common assault: Resisted arrest and fractured officer's hand. Venna [1976]
11%
Battery: indecent assault. Faulkner v Talbot [1981]
0%
No matching quizzes found
Score Distribution
Percent of People with Each Score
Percentile by Number Answered
Your Score History
You have not taken this quiz